000 01592cam a2200445 a 4500
001 22289
003 VRT
005 20260325124211.0
008 240315s1992 xo a g 000 f slo
015 _aSNBA1992/05
020 _a8006004625
_q(viaz.)
035 _a5127A961-1FA8-4753-AE4A-3A97EC54BFF3
035 _aSNK000010718
035 _aurn:nbn:sk:snk-am005fti
035 _aurn:nbn:sk:snk-amkr0u
039 9 _a202403151840
_bVLOAD
_c202402261852
_dVLOAD
_c201711291404
_dVLOAD
_c201606101157
_dVLOAD
040 _aSNK
_bslo
_cSNK
_eAACR2
041 1 _aslo
_hger
044 _axo
_cSK
080 _a830-3(087.5)
_21981
100 1 _aMay, Karl,
_d1842-1912
_4aut
240 1 0 _aWinnetou, der rote Gentleman
_lSlovensky
245 1 0 _aWinnetou 2
_cKarl May ; [z nem. orig. ... prel. Teofil Ušák ; ilustr. Igor Benca]
250 _a4. vyd.
260 _aBratislava
_bMladé letá
_c1992
_eNitra
_fNitrianske tlačiarne
300 _a383 s.
_bilustr.
_c21 cm
490 1 _aKnihy Karla Maya
500 _aIlustr. na tit. liste. Fot. na front. Mp. na predsádkach. Výslovnosť cudzích mie od 11 rokov. ISBN 80-06-00417-X (súbor).
504 _aVysvetlivky
521 1 _aPre čitateľov od 11 rokov
655 7 _adobrodružné romány
_2SNKPH
700 1 _aBenca, Igor,
_d1958-
_4ill
700 1 _aUšák, Teofil,
_d1922-1999
_4trl
830 0 _aKnihy Karla Maya
910 _apppk
942 _2ddc
_cKLDO
_n0
949 _617A0319226
_asnkSC 81483/2 D1
_bsnkKSP 2806/92
_s6100:20140925
949 _617A0982780
_asnkSC 81483/2
999 _c22289
_d22289